000 00431nam a2200157Ia 4500
003 GCL
008 140319s9999 xx 000 0 eng d
040 _aGCL /
_cGCL
082 0 4 _a745.02
_bN C
100 1 _aNEWDICK, JONE
245 1 0 _aCOUNTRY FLOWRS STYLE CREATING A NATURAL LOOK /
_cNEWDICK, JONE
260 _a[S.N] :
_bABBEVILLE PRESS PUBLISHERS ،
_c1992
300 _a112 P
650 0 4 _aFLOWER ARRANGING
942 _2ddc
_cBK
999 _c12226
_d12226